1542 1145 1551 1983 1338 1207 1765 1965 1300 1512 1242 1939 1921 1847 1795 1684 1765 1061 1878 1964 1603 1582 1432 1642 1245 1681 1074 1743 1016 1865 1575 1147 1378 1657 1251 1472 1792 1221 1600 1957 1015 1333 1257 1085 1665 1084 1499 1581 1440 1133 1858 1545 1660 1874 1628 1105 1468 1734 1514 2000 1770 1420 1316 1145 1238 1447 1885 1746 1757 1804 1450 1029 1347 1644 1583 1041 1729 1621 1462 1801 1045 1796 1238 1473 1160 1380 1186 1528 1172 1396 1817 1107 1899 1589 1494 1060 1636 1468 1397 BCNSPRNW ULIB Ver.6.0+V

เปลี่ยนเป็นภาษาไทย

Change to English
 แสดงรายละเอียดบรรณานุกรม
  กลับหน้าหลัก

Brief Record : Get Marc (ISO 2709) : E-mail record : QR code < ปิดหน้าต่าง
LEADER : 00000nam 2200000uu 4500
001    13399111043
003     ULIB
008    110615s||||||||th 000 0 tha d
020    9743013687
050  4 BF121^bว649จ 2547
100 0  วิภาพร มาพบสุข
245 10 จิตวิทยาทั่วไป =^bGeneral psychology /^cวิภาพร มาพบสุข
260    กรุงเทพฯ :^bศูนย์ส่งเสริมวิชาการ,^c[2547]
300    587 หน้า :^bภาพประกอบ ;^c26 ซม.
650  7 จิตวิทยา
945    ^p180^l0^i018851
995    ทศพร
999 ^a ใช้งานได้ทุกระบบ
รายการนี้ยังไม่มีแท็ก
คุณยังไม่ได้ล็อกอิน คุณสามารถมีกิจกรรมร่วมกับเว็บไซต์ได้ แต่ต้องล็อกอินก่อน ::
  ล็อกอิน

รายการสื่อสารสนเทศ

ลำดับที่ ประเภท เลขเรียก/บาร์โค้ด สถานที่ สถานะ
- ไม่พบข้อมูล -

รายการใกล้เคียง
    หัวเรื่อง [จิตวิทยา]

BibComment


ยังไม่เคยถูกคอมเมนท์

คอมเมนท์ทรัพยากรรายการนี้
  คอมเมนท์: จิตวิทยาทั่วไป G..


 Copyright 2026. Bcnsprnw @Library